Power electronics (Record no. 1404)

000 -LEADER
fixed length control field 00542nam a2200205 4500
001 - CONTROL NUMBER
control field 1404
003 - CONTROL NUMBER IDENTIFIER
control field BD-DhUET
008 - FIXED-LENGTH DATA ELEMENTS--GENERAL INFORMATION
fixed length control field 140906b xxu||||| |||| 00| 0 eng d
020 ## - INTERNATIONAL STANDARD BOOK NUMBER
International Standard Book Number 8120325036
040 ## - CATALOGING SOURCE
Transcribing agency 0
Modifying agency BD-DhUET
082 ## - DEWEY DECIMAL CLASSIFICATION NUMBER
Classification number 623.17
Item number RAS/2004
100 ## - MAIN ENTRY--PERSONAL NAME
Personal name Rashid, Muhammad H.
245 ## - TITLE STATEMENT
Title Power electronics
Remainder of title circuits, devices, and applications
250 ## - EDITION STATEMENT
Edition statement 3rd ed.
260 ## - PUBLICATION, DISTRIBUTION, ETC. (IMPRINT)
Place of publication, distribution, etc. New Delhi
Name of publisher, distributor, etc. Prentice-Hall of India
Date of publication, distribution, etc. 2004
300 ## - PHYSICAL DESCRIPTION
Extent xxiv,880p.
504 ## - BIBLIOGRAPHY, ETC. NOTE
Bibliography, etc Includes bibliographies
650 #0 - SUBJECT ADDED ENTRY--TOPICAL TERM
Topical term or geographic name as entry element Power electronics
942 ## - ADDED ENTRY ELEMENTS (KOHA)
Koha item type General Book
Holdings
Koha full call number Shelving location Koha issues (times borrowed) Koha date last borrowed Sublocation or collection (holding branch) Piece designation (barcode) Lost status Koha date last seen Withdrawn status Source of classification or shelving scheme Location (home branch) Copy number Not for loan Koha item type Date acquired Price effective from Koha normalized classification for sorting Damaged status
623.17/RAS/2004Circulation section42021-12-19Central Library, BUET103652 2022-04-12  Central Library, BUET1 General Book2014-09-062014-09-06623_000000000000000_17RAS2004 
623.17/RAS/2004Circulation section12022-11-29Central Library, BUET103653 2022-11-29  Central Library, BUET2 General Book2014-09-062014-09-06623_000000000000000_17RAS2004 
623.17/RAS/2004Circulation section22018-10-28Central Library, BUET103654 2018-11-27  Central Library, BUET3 General Book2014-09-062014-09-06623_000000000000000_17RAS2004 
623.17/RAS/2004Circulation section  Central Library, BUET103655 2014-09-06  Central Library, BUET4 General Book2014-09-062014-09-06623_000000000000000_17RAS2004 
623.17/RAS/2004Circulation section12014-12-07Central Library, BUET103656 2016-03-07  Central Library, BUET5 General Book2014-09-062014-09-06623_000000000000000_17RAS2004 
623.17/RAS/2004Circulation section42023-09-23Central Library, BUET103657 2025-01-26  Central Library, BUET6 General Book2014-09-062014-09-06623_000000000000000_17RAS2004 
623.17/RAS/2004Circulation section32024-12-08Central Library, BUET103658 2025-02-09  Central Library, BUET7 General Book2014-09-062014-09-06623_000000000000000_17RAS2004 
623.17/RAS/2004Circulation section32023-09-24Central Library, BUET103659 2023-10-04  Central Library, BUET8 General Book2014-09-062014-09-06623_000000000000000_17RAS2004 
623.17/RAS/2004Circulation section  Central Library, BUET103660 2014-09-06  Central Library, BUET9 General Book2014-09-062014-09-06623_170000000000000_RAS_2004 
623.17/RAS/2004Circulation section  Central Library, BUET103661 2014-09-06  Central Library, BUET10 General Book2014-09-062014-09-06623_000000000000000_17RAS2004